[Event "SVK-chT2C 1718"]
[Site "Slovakia"]
[Date "2018.02.24"]
[Round "8.8"]
[White "Taragelova, Martina"]
[Black "Capek, Miroslav"]
[Result "0-1"]
[WhiteElo "1689"]
[BlackElo "1932"]
[PlyCount "64"]
[EventDate "2017.10.28"]
[EventType "team-tourn"]
[EventRounds "11"]
[EventCountry "SVK"]
[SourceTitle "EXT 2019"]
[Source "ChessBase"]
[SourceDate "2018.10.10"]
[SourceVersion "1"]
[SourceVersionDate "2018.10.10"]
[SourceQuality "1"]
[WhiteTeam "Liptov Chess School III"]
[BlackTeam "Cadca Caissa"]
[WhiteTeamCountry "SVK"]
[BlackTeamCountry "SVK"]

1. e4 e5 2. Nf3 Nc6 3. d4 exd4 4. Nxd4 Nf6 5. Nxc6 bxc6 6. e5 Qe7 7. Qe2 Nd5 8. c4 Nb6 9. b3 g6 10. Bb2 Bg7 11. Nd2 d5 12. g3 0-0 13. 0-0-0 Ba6 14. Qe3 dxc4 15. Nxc4 Bxc4 16. Bxc4 Nxc4 17. bxc4 Rab8 18. Rd2 Rfe8 19. Re1 Qb4 20. Qc3 Qa4 21. a3 Rb7 22. f4 Reb8 23. Red1 Bf8 24. e6 Rxb2 25. exf7+ Kxf7 26. Rxb2 Rxb2 27. Rd7+ Ke8 28. Rxc7 Re2 29. Rc8+ Kf7 30. Qd3 Bxa3+ 31. Kb1 Re1+ 32. Ka2 Be7+ 0-1

[Event "SVK-chT2C 1718"]
[Site "Slovakia"]
[Date "2018.01.14"]
[Round "6.6"]
[White "Sedliacek, Peter"]
[Black "Capek, Miroslav"]
[Result "1-0"]
[WhiteElo "1766"]
[BlackElo "1945"]
[PlyCount "29"]
[EventDate "2017.10.28"]
[EventType "team-tourn"]
[EventRounds "11"]
[EventCountry "SVK"]
[SourceTitle "EXT 2019"]
[Source "ChessBase"]
[SourceDate "2018.10.10"]
[SourceVersion "1"]
[SourceVersionDate "2018.10.10"]
[SourceQuality "1"]
[WhiteTeam "Rajecke Teplice"]
[BlackTeam "Cadca Caissa"]
[WhiteTeamCountry "SVK"]
[BlackTeamCountry "SVK"]

1. e4 e5 2. Nf3 Nc6 3. Bb5 a6 4. Ba4 Nf6 5. 0-0 Be7 6. Re1 b5 7. Bb3 d6 8. c3 0-0 9. h3 Na5 10. Bc2 c5 11. d4 Bd7 12. dxe5 dxe5 13. Nxe5 Nc6 14. Nxd7 Qxd7 15. Qe2 1-0

[Event "SVK-chT2C 1617"]
[Site "Slovakia"]
[Date "2016.10.08"]
[Round "1.7"]
[White "Capek, Miroslav"]
[Black "Bohdal, Jan"]
[Result "1-0"]
[WhiteElo "2004"]
[BlackElo "1870"]
[PlyCount "59"]
[EventDate "2016.10.08"]
[EventType "team-tourn"]
[EventRounds "11"]
[EventCountry "SVK"]
[SourceTitle "CBM 175 Extra"]
[Source "ChessBase"]
[SourceDate "2016.12.12"]
[SourceVersion "1"]
[SourceVersionDate "2016.12.12"]
[SourceQuality "1"]
[WhiteTeam "Cadca Caissa"]
[BlackTeam "Banska Bystrica Veza"]
[WhiteTeamCountry "SVK"]
[BlackTeamCountry "SVK"]

1. e4 e5 2. Nc3 Nc6 3. Bc4 Nf6 4. d3 Be7 5. f4 d6 6. Nf3 0-0 7. f5 Na5 8. Qe2 c6 9. Bb3 Qc7 10. 0-0 Nxb3 11. axb3 Rd8 12. Bg5 h6 13. Bh4 Nh7 14. Bf2 b6 15. b4 d5 16. exd5 Bxf5 17. dxc6 Bxb4 18. Qxe5 Qxe5 19. Nxe5 Bd6 20. Nc4 Rac8 21. Nb5 Rxc6 22. Nbxd6 Rcxd6 23. Nxd6 Rxd6 24. Rxa7 Rg6 25. Rb7 Bh3 26. Bg3 Be6 27. Rxb6 Nf6 28. c4 Nd7 29. Rd6 Nc5 30. b4 1-0

[Event "SVK-chT2C 1415"]
[Site "Slovakia"]
[Date "2015.02.15"]
[Round "9.6"]
[White "Capek, Miroslav"]
[Black "Gajdosik, Vladislav"]
[Result "1/2-1/2"]
[WhiteElo "1965"]
[BlackElo "1979"]
[PlyCount "43"]
[EventDate "2014.10.11"]
[EventType "team-tourn"]
[EventRounds "11"]
[EventCountry "SVK"]
[SourceTitle "EXT 2016"]
[Source "ChessBase"]
[SourceDate "2015.10.08"]
[SourceVersion "1"]
[SourceVersionDate "2015.10.08"]
[SourceQuality "1"]
[WhiteTeam "Cadca Caissa II"]
[BlackTeam "Banska Bystrica Veza"]
[WhiteTeamCountry "SVK"]
[BlackTeamCountry "SVK"]

1. e4 e5 2. Nc3 Nc6 3. Bc4 Bc5 4. d3 d6 5. Nge2 Be6 6. Bb3 Nge7 7. Na4 Bb6 8. Nxb6 axb6 9. c4 Nd4 10. Nxd4 exd4 11. 0-0 0-0 12. Bg5 Qd7 13. f4 f5 14. Bxe7 Qxe7 15. Qf3 c5 16. Rae1 Qd7 17. e5 dxe5 18. Rxe5 Rae8 19. Rfe1 Bf7 20. Qd1 Rxe5 21. Rxe5 Ra8 22. Kf2 1/2-1/2

[Event "SVK-chT2C 1314"]
[Site "Slovakia"]
[Date "2014.02.22"]
[Round "8.6"]
[White "Capek, Miroslav"]
[Black "Zavarsky, Juraj"]
[Result "1/2-1/2"]
[WhiteElo "1985"]
[BlackElo "2020"]
[PlyCount "68"]
[EventDate "2013.10.19"]
[EventType "team-tourn"]
[EventRounds "11"]
[EventCountry "SVK"]
[SourceTitle "EXT 2015"]
[Source "ChessBase"]
[SourceDate "2014.11.20"]
[SourceVersion "1"]
[SourceVersionDate "2014.11.20"]
[SourceQuality "1"]
[WhiteTeam "Cadca II"]
[BlackTeam "Liptovska Stiavnica"]
[WhiteTeamCountry "SVK"]
[BlackTeamCountry "SVK"]

1. e4 c5 2. f4 e6 3. Nf3 d5 4. Bb5+ Bd7 5. Bxd7+ Nxd7 6. Qe2 dxe4 7. Qxe4 Qc7 8. d3 Ngf6 9. Qa4 Be7 10. Nc3 0-0 11. 0-0 a6 12. Bd2 b5 13. Qb3 c4 14. dxc4 bxc4 15. Qa4 Qc5+ 16. Kh1 Nb6 17. Qa3 Qxa3 18. bxa3 Bxa3 19. Rab1 Bc5 20. Ne5 Rfc8 21. a4 a5 22. f5 Bb4 23. fxe6 fxe6 24. Be1 Nbd5 25. Nb5 Ne3 26. Rf2 Nfg4 27. Re2 Rf8 28. Bxb4 axb4 29. Nxg4 Nxg4 30. h3 Rf2 31. Rxe6 Nf6 32. Rxb4 Rxc2 33. Rc6 Ra2 34. Rcxc4 Nd5 1/2-1/2

[Event "SVK-chT2C 1314"]
[Site "Slovakia"]
[Date "2014.01.12"]
[Round "6.6"]
[White "Capek, Miroslav"]
[Black "Simo, Marian"]
[Result "0-1"]
[WhiteElo "1985"]
[BlackElo "1873"]
[PlyCount "134"]
[EventDate "2013.10.19"]
[EventType "team-tourn"]
[EventRounds "11"]
[EventCountry "SVK"]
[SourceTitle "EXT 2015"]
[Source "ChessBase"]
[SourceDate "2014.11.20"]
[SourceVersion "1"]
[SourceVersionDate "2014.11.20"]
[SourceQuality "1"]
[WhiteTeam "Cadca II"]
[BlackTeam "Rajecke Teplice"]
[WhiteTeamCountry "SVK"]
[BlackTeamCountry "SVK"]

1. e4 e6 2. d4 d5 3. e5 c5 4. c3 Nc6 5. Nf3 Qb6 6. Be2 Nge7 7. dxc5 Qc7 8. Na3 Nxe5 9. Nb5 Nxf3+ 10. Bxf3 Qxc5 11. Qe2 a6 12. Nd4 Bd7 13. a4 Qc7 14. 0-0 Bc6 15. g3 e5 16. Nxc6 bxc6 17. Re1 Ng6 18. h4 Bd6 19. h5 Ne7 20. c4 h6 21. cxd5 cxd5 22. Bd2 0-0 23. Bc3 e4 24. Bg2 Be5 25. Rac1 Bxc3 26. Rxc3 Qa5 27. Qc2 d4 28. Rxe4 dxc3 29. Rxe7 Rac8 30. bxc3 Rxc3 31. Qe4 Rc1+ 32. Bf1 Qxh5 33. Kg2 Qd1 34. Qe2 Qxa4 35. Qxa6 Qxa6 36. Bxa6 Rc6 37. Bb5 Re6 38. Rc7 g6 39. Bc4 Rf6 40. f3 Kg7 41. Bd5 Rd8 42. Be4 Rfd6 43. g4 R8d7 44. Rc5 Re7 45. Kg3 Rde6 46. Kf4 Rf6+ 47. Kg3 Rfe6 48. Kf4 f6 49. Rc8 Re8 50. Rc7+ R8e7 51. Rc4 Re5 52. Ra4 h5 53. gxh5 Rxh5 54. Ra1 Rh4+ 55. Kg3 Rexe4 56. fxe4 Rxe4 57. Ra7+ Kh6 58. Ra8 Kg5 59. Ra5+ f5 60. Rb5 Re3+ 61. Kf2 Ra3 62. Rb4 f4 63. Kg2 Kg4 64. Rb1 g5 65. Rg1 Ra2+ 66. Kf1+ Kf3 67. Rxg5 Ra1# 0-1

[Event "SVK-chT2C 1314"]
[Site "Slovakia"]
[Date "2014.01.11"]
[Round "5.7"]
[White "Capek, Miroslav"]
[Black "Kaniok, Jan"]
[Result "1/2-1/2"]
[WhiteElo "1985"]
[BlackElo "1928"]
[PlyCount "58"]
[EventDate "2013.10.19"]
[EventType "team-tourn"]
[EventRounds "11"]
[EventCountry "SVK"]
[SourceTitle "EXT 2015"]
[Source "ChessBase"]
[SourceDate "2014.11.20"]
[SourceVersion "1"]
[SourceVersionDate "2014.11.20"]
[SourceQuality "1"]
[WhiteTeam "Cadca II"]
[BlackTeam "Dunajov II"]
[WhiteTeamCountry "SVK"]
[BlackTeamCountry "SVK"]

1. e4 e5 2. Nc3 Nc6 3. Bc4 Nf6 4. d3 Be7 5. f4 d6 6. Nf3 Bg4 7. h3 Bxf3 8. Qxf3 Nd4 9. Qd1 c6 10. 0-0 b5 11. Bb3 a5 12. a3 Nxb3 13. cxb3 0-0 14. Be3 Nd7 15. Rc1 Rc8 16. d4 Bf6 17. d5 exf4 18. Bxf4 Qb6+ 19. Kh1 c5 20. Qg4 Rcd8 21. Nd1 Ne5 22. Qg3 Ng6 23. Bg5 Bxg5 24. Qxg5 Rde8 25. Nf2 Ne5 26. Rc3 Qd8 27. Qf4 Qe7 28. Rg3 Ng6 29. Qg4 Qe5 1/2-1/2

[Event "SVK-chT2C 1112"]
[Site "Slovakia"]
[Date "2011.12.04"]
[Round "6.6"]
[White "Capek, Miroslav"]
[Black "Kekely, Lubos"]
[Result "0-1"]
[WhiteElo "1819"]
[BlackElo "2116"]
[PlyCount "110"]
[EventDate "2011.10.08"]
[EventType "team-tourn"]
[EventRounds "11"]
[EventCountry "SVK"]
[SourceTitle "EXT 2013"]
[Source "ChessBase"]
[SourceDate "2012.11.22"]
[SourceVersion "1"]
[SourceVersionDate "2012.11.22"]
[SourceQuality "1"]
[WhiteTeam "Cadca II"]
[BlackTeam "Zilina DMS"]
[WhiteTeamCountry "SVK"]
[BlackTeamCountry "SVK"]

1. e4 e5 2. Nc3 Nc6 3. Bc4 Nf6 4. d3 d6 5. f4 Be7 6. Nf3 Bg4 7. h3 Bxf3 8. Qxf3 Nd4 9. Qd1 Nd7 10. 0-0 Nb6 11. Bb3 0-0 12. Be3 Nxb3 13. axb3 exf4 14. Bxf4 d5 15. Qh5 c6 16. Rae1 Bb4 17. Re2 Bxc3 18. bxc3 f6 19. c4 dxc4 20. bxc4 Nd7 21. Qg4 Re8 22. Qg3 Ne5 23. Qe1 c5 24. Qf2 b6 25. Ree1 a5 26. Rb1 a4 27. Ra1 Nc6 28. Ra3 Re7 29. Rfa1 Rea7 30. Be3 Qd7 31. Qd2 Nd4 32. Bxd4 Qxd4+ 33. Qf2 Qxf2+ 34. Kxf2 Kf7 35. Ke3 Ke6 36. c3 Kd6 37. d4 cxd4+ 38. cxd4 Kc6 39. Rb1 Ra5 40. Rb4 b5 41. cxb5+ Rxb5 42. Raxa4 Rxa4 43. Rxa4 Rb2 44. g3 Kd6 45. h4 Rb3+ 46. Kf4 h5 47. Ra6+ Ke7 48. Ra5 g6 49. Ra7+ Kf8 50. d5 Rd3 51. Ra2 Ke7 52. Rf2 Kd6 53. Rf3 g5+ 54. hxg5 fxg5+ 55. Kxg5 Rxf3 0-1

[Event "SVK-chT2C 10/11"]
[Site "Slovakia"]
[Date "2011.03.05"]
[Round "8.5"]
[White "Hribik, Julius"]
[Black "Capek, Miroslav"]
[Result "0-1"]
[WhiteElo "1753"]
[BlackElo "1768"]
[PlyCount "20"]
[EventDate "2010.10.23"]
[EventType "team-tourn"]
[EventRounds "11"]
[EventCountry "SVK"]
[SourceTitle "EXT 2019"]
[Source "ChessBase"]
[SourceDate "2018.10.10"]
[SourceVersion "1"]
[SourceVersionDate "2018.10.10"]
[SourceQuality "1"]
[WhiteTeam "Banska Bystrica TH Junior "]
[BlackTeam "Cadca Caissa"]
[WhiteTeamCountry "SVK"]
[BlackTeamCountry "SVK"]

1. e4 e5 2. Nf3 Nc6 3. Bb5 a6 4. Ba4 Nf6 5. Bxc6 dxc6 6. d3 Bd6 7. h3 Qe7 8. 0-0 Bd7 9. Nc3 h6 10. Nxe5 Qxe5 0-1